000 01106nam a2200337 a 4500
001
003 DO-SdBPM
005 20260506130524.0
008 130412s2013 cl 000 0 spa d
020 _a9789587621723
040 _aDO-SdBPM
_bspa
_cBPMSU
_erda
082 _a378.17
_bS238c 2013
_222
100 1 _aSanz de Acevedo Lizarraga, Ma. Luisa
_eautora
_4aut.
245 1 0 _aCompetencias cognitivas en educación superior /
_cMa. Luisa Sanz de Acedo Lizarraga.
250 _aSegunda edición.
260 _a
_bUAPA,
_c2013
264 _aBogotá, Colombia :
_bEdiciones de la U ;
_bNarcea,
_c2013.
300 _a159 páginas ;
_c24 cm.
336 _atexto
_btxt
_2rdacontent
337 _asin mediación
_bn
_2rdamedia
338 _avolumen
_bnc
_2rdacarrier
490 0 _aEducación
590 _aInventarido, 2026/VM
590 _6Inventariado, 2026/VM
650 7 _aCompetencias en educación superior
650 7 _aEducación superior.
650 7 _aEducación superior
_xToma de decisione
700 1 _a
_e
910 _aVMateo V. Control de calidad. BPMSU
942 _2ddc
_cBK
999 _c15822
_d15822